000 00340nam a22001457a 4500
008 230327b ||||| |||| 00| 0 eng d
020 _a9781450469654
041 _aeng
080 _2FIFTH EDITION
_a338
082 _a338PED
100 _a23
101 _aMENA
245 _aCONTEMPORARY SPORT MANAGEMENT
_cPEDERSEN.M.P
942 _2udc
_cBK
999 _c59463
_d59463